Measurement of Building work

Bibliographic Details
Main Author: Wainwright Howard W.
Other Authors: Whitrod, Raymond J.
Format: Book
Published: London : Hutchinson & Co. , 1980
Edition:2nd ed.
Subjects:

MARC

LEADER 00000cam a2200000 7i4500
001 0000008853
005 20220524.0
020 |a 0091412714 
040 |a INS 
090 0 0 |a TH435   |b W35 1980 
100 1 |a Wainwright Howard W.. 
245 1 0 |a Measurement of Building work   |c W. Howard Wainwright, Raymond J. Whitrod 
250 |a 2nd ed. 
260 |a London :   |b Hutchinson & Co. ,   |c 1980 
300 |a 222p. ;   |c 24 cm. 
650 0 0 |a Building   |x Estimates 
700 1 |a Whitrod, Raymond J. 
999 |a 0000023369   |b BOOK   |c Open Shelf   |e Default branch 
999 |a 0000023432   |b BOOK   |c Open Shelf   |e Default branch